Managerial Economics: (Record no. 216261)

MARC details
000 -LEADER
fixed length control field 00699nam a22002057a 4500
005 - DATE AND TIME OF LATEST TRANSACTION
control field 20260519111013.0
010 ## - LCCN (DPL NO)
LC control number ENG-148523
020 ## - INTERNATIONAL STANDARD BOOK NUMBER
International Standard Book Number 9789364442077
Terms of availability 995.00
035 ## - SYSTEM CONTROL NUMBER
System control number EN-132055
037 ## - SOURCE OF ACQUISITION
Source of stock number/acquisition DBAD
082 ## - DEWEY DECIMAL CLASSIFICATION NUMBER
Edition number 4
Classification number 338.5024658
100 ## - MAIN ENTRY--PERSONAL NAME
Personal name Christopher R. Thomas
245 ## - TITLE STATEMENT
Title Managerial Economics:
Statement of responsibility, etc Christopher R. Thomas [and] Aishwarya Harichandan
Remainder of title Foundations of Business Analysis and Strategy
250 ## - EDITION STATEMENT
Edition statement 4
260 ## - PUBLICATION, DISTRIBUTION, ETC. (IMPRINT)
Place of publication, distribution, etc Chennai
Name of publisher, distributor, etc McGraw Hill
Date of publication, distribution, etc 2026
270 ## - ADDRESS
Address 5/90 A, Butt Road, St. Thomas Mount
City Chennai
Postal code 600016
300 ## - PHYSICAL DESCRIPTION
Extent 669p.
Dimensions 24cm(pb)
Other physical details Index
700 ## - ADDED ENTRY--PERSONAL NAME
Personal name Aishwarya Harichandan
Relator term Author
9 (RLIN) 89142
942 ## - ADDED ENTRY ELEMENTS (KOHA)
Source of classification or shelving scheme Dewey Decimal Classification
Item type English Books
Classification part 338.5024658
Call number suffix THO
Edition 4
Holdings
Withdrawn status Lost status Not for loan Collection code Home library Current library Date acquired Source of acquisition Cost, normal purchase price Full call number Barcode Copy number Cost, replacement price Koha item type
      Non-fiction Tri Nagar Tri Nagar 19/05/2026 Delivery of Books Act Division 995.00 338.5024658 THO EN-132055 1 995.00 English Books

© Delhi Public Library
Hit Counter
free hit counter